| 000 | 00749nam a2200205 i 4500 | ||
|---|---|---|---|
| 001 | 168749 | ||
| 003 | ES-MaACL | ||
| 005 | 20230906213857.0 | ||
| 008 | 080602s2007 sp |||| | spa d | ||
| 020 | _a978-84-96275-47-8 | ||
| 080 | _a911.3(460):338(084.4) | ||
| 080 | _a338.1(460)(083.41) | ||
| 245 | 0 | 0 | _aTerritorio y actividad económica. |
| 260 |
_aMadrid : _bMinisterio de Industria, Turismo y Comercio, _c2007. |
||
| 300 |
_a138 p. : _bil. col., mapas ; _c38 cm + _e1 disco (CD-ROM) ; 8 cm. |
||
| 651 | 4 |
_aEspaña- _xSituación económica- _vMapas. _9137843 |
|
| 651 | 4 |
_aEspaña- _xSituación económica- _vEstadísticas. _9137845 |
|
| 710 | 2 |
_aEspaña. _bMinisterio de Industria, Comercio y Turismo. _93879 |
|
| 852 |
_aES-MaACL _jL-29431 |
||
| 999 |
_c168749 _d168749 |
||